LA PIEL DE LA ARQUITECTURA : (Registro nro. 57937)
[ vista simple ]
| 000 -LEADER | |
|---|---|
| fixed length control field | 00479nam a2200157 a 4500 |
| 001 - CONTROL NUMBER | |
| control field | 57937 |
| 005 - DATE AND TIME OF LATEST TRANSACTION | |
| control field | 20180714054337.0 |
| 008 - FIXED-LENGTH DATA ELEMENTS--GENERAL INFORMATION | |
| fixed length control field | 140415s1979 mx 000 0 spa d |
| 041 ## - LANGUAGE CODE | |
| Language code of text/sound track or separate title | spa |
| 082 ## - DEWEY DECIMAL CLASSIFICATION NUMBER | |
| Classification number | 759.97246 |
| Item number | ART |
| 100 1# - MAIN ENTRY--PERSONAL NAME | |
| Personal name | ARTIGAS H., JUAN B. |
| 245 13 - TITLE STATEMENT | |
| Title | LA PIEL DE LA ARQUITECTURA : |
| Remainder of title | MURALES DE SANTA MARIA XOXOTECO |
| 260 ## - PUBLICATION, DISTRIBUTION, ETC. | |
| Place of publication, distribution, etc. | MEXICO : |
| Name of publisher, distributor, etc. | UNAM, |
| Date of publication, distribution, etc. | 1979 |
| 300 ## - PHYSICAL DESCRIPTION | |
| Extent | 110 |
| 650 14 - SUBJECT ADDED ENTRY--TOPICAL TERM | |
| Topical term or geographic name entry element | PINTURA MURAL |
| General subdivision | (MARIA XOXOTECO |
| -- | HIDALGO) |
| -- | PINTURA MURAL |
| -- | MEXICO |
| Withdrawn status | Lost status | Source of classification or shelving scheme | Damaged status | Not for loan | Collection code | Home library | Current library | Shelving location | Date acquired | Source of acquisition | Inventory number | Total Checkouts | Full call number | Barcode | Date last seen | Price effective from | Koha item type |
|---|---|---|---|---|---|---|---|---|---|---|---|---|---|---|---|---|---|
| Dewey Decimal Classification | General | Biblioteca Karol Wojtyla | Biblioteca Karol Wojtyla | Sala general | 03/12/2013 | Compra | 151000000000000000023201 | 759.97246 ART | 8743 | 05/01/2026 | 03/12/2013 | Libro |